000
00347 a2200169 4500
001
190273
020
_a
978-85-262-6536-3
040
_c
Magnum
100
_a
Noronha, Teresa
240
1
0
_a
Remar, rimar
_l
por
245
1
0
_a
Remar, rimar
300
_a
32
362
0
_a
2007
440
1
_a
Scipione
697
_a
LITERATURA INFANTO
942
_c
BK
999
_c
190273
_d
190273